000 00292nam a2200133 i 4500
001 bg
100 1 _aHurnik, Hieronim.
245 0 _aKometa Halleya /
_cH. Hurnik.
260 _aWarszawa,
_c1985.
040 _cBPK
041 _apol
942 _cKS
008 s pl f |000 0 pol
999 _c2409
_d2409
856 _uhttp://koha.tu.koszalin.pl/cgi-bin/koha/opac-detail.pl?biblionumber=2409
_yKatalog online BPK